On the permutability condition of quantum mechanics

Elmentve itt :
Bibliográfiai részletek
Szerzők: Foiaş Ciprian
Gehér László
Szőkefalvi-Nagy Béla
Dokumentumtípus: Cikk
Megjelent: 1960
Sorozat:Acta scientiarum mathematicarum 21 No. 1-2
Kulcsszavak:Természettudomány, Matematika, Művelődés
Online Access:http://acta.bibl.u-szeged.hu/13901
LEADER 00737nab a2200205 i 4500
001 acta13901
005 20210412091158.0
008 161015s1960 hu o 0|| eng d
022 |a 0001-6969 
040 |a SZTE Egyetemi Kiadványok Repozitórium  |b hun 
041 |a eng 
100 1 |a Foiaş Ciprian 
245 1 3 |a On the permutability condition of quantum mechanics  |h [elektronikus dokumentum] /  |c  Foiaş Ciprian 
260 |c 1960 
300 |a 78-89 
490 0 |a Acta scientiarum mathematicarum  |v 21 No. 1-2 
695 |a Természettudomány, Matematika, Művelődés 
700 0 1 |a Gehér László  |e aut 
700 0 2 |a Szőkefalvi-Nagy Béla  |e aut 
856 4 0 |u http://acta.bibl.u-szeged.hu/13901/1/math_021_fasc_001_002_078-089.pdf  |z Dokumentum-elérés